Computer graphics and multimedia technology / (Record no. 181917)

MARC details
000 -LEADER
fixed length control field 00776nam a2200241Ia 4500
003 - CONTROL NUMBER IDENTIFIER
control field OSt
005 - DATE AND TIME OF LATEST TRANSACTION
control field 20260116144517.0
008 - FIXED-LENGTH DATA ELEMENTS--GENERAL INFORMATION
fixed length control field 210716s2009 xx 000 0 und d
040 ## - CATALOGING SOURCE
Transcribing agency AIMIT LIBRARY
041 ## - LANGUAGE CODE
Language code of text/sound track or separate title eng
082 ## - DEWEY DECIMAL CLASSIFICATION NUMBER
Classification number 006.6
Edition number 1
Item number RAOH
100 ## - MAIN ENTRY--PERSONAL NAME
Personal name Rao, H K Gundu.
9 (RLIN) 251492
245 ## - TITLE STATEMENT
Title Computer graphics and multimedia technology /
Statement of responsibility, etc. By H K Gundu Rao, N S Manjunath and M N Nachappa.
250 ## - EDITION STATEMENT
Edition statement 1st ed.
260 ## - PUBLICATION, DISTRIBUTION, ETC.
Place of publication, distribution, etc. Mangalore :
Name of publisher, distributor, etc. United Publishers ,
Date of publication, distribution, etc. 2009.
300 ## - PHYSICAL DESCRIPTION
Extent 328p. ;
Other physical details PB
Dimensions 24 cm
650 ## - SUBJECT ADDED ENTRY--TOPICAL TERM
Topical term or geographic name entry element Interactive computer graphics
9 (RLIN) 251493
650 ## - SUBJECT ADDED ENTRY--TOPICAL TERM
Topical term or geographic name entry element Multimedia technology
9 (RLIN) 251494
650 ## - SUBJECT ADDED ENTRY--TOPICAL TERM
Topical term or geographic name entry element Three dimensional graphics
9 (RLIN) 251495
700 ## - ADDED ENTRY--PERSONAL NAME
Personal name Manjunath, N S.
9 (RLIN) 251496
700 ## - ADDED ENTRY--PERSONAL NAME
Personal name Nachappa, M N.
9 (RLIN) 251497
942 ## - ADDED ENTRY ELEMENTS (KOHA)
Source of classification or shelving scheme Dewey Decimal Classification
Koha item type Book
Edition 1st
Call number prefix 006.6 RAOH
Holdings
Withdrawn status Lost status Damaged status Not for loan Collection code Home library Current library Date acquired Source of acquisition Cost, normal purchase price Total Checkouts Full call number Barcode Date last seen Cost, replacement price Price effective from Koha item type
        MCA St Aloysius Institute of Management & Information Technology St Aloysius Institute of Management & Information Technology 07/16/2021 Donated 190.00   006.6 RAOH MCA01425 05/23/2026 190.00 07/16/2021 Book